000 00679nam a2200241Ia 4500
003 OSt
005 20220925220608.0
006 a|||||r|||| 00| 0
007 ta
008 220923b |||||||| |||| 00| 0 eng d
037 _cGeneral Book
040 _aRTL
_cRTL
_beng
041 _2eng
_aeng
082 _aY33.3.N, L3
100 _aRobson Brian T
_9285056
245 0 _aUrban growth
_b An approach
260 _aLondon
_bMacmillan
_c1973
300 _axiv,268p
_ccm.
500 _aBibliography: p 246-260; Appendix: p 229-243
650 _aUrban Sociology
_934088
942 _hY33.3.N, L3
_cGB
_2CC
999 _c571866
_d571866